000 00425nam a2200169 i 4500
001 bg
100 1 _aSZMYGIN, Bernard
245 1 0 _aWiadomości o telekomunikacji /
_cBernard Szmygin.
260 _aWarszawa :
_bWydawnictwa Komunikacyjne,
_c1957.
650 9 _aTelekomunikacja
655 _aPodręczniki
040 _cBPK
041 0 _apol
080 _a621.39
942 _cKS
008 s pl f |000 0 pol
999 _c7768
_d7768
856 _uhttp://koha.tu.koszalin.pl/cgi-bin/koha/opac-detail.pl?biblionumber=7768
_yKatalog online BPK